Hacia una psicología humanística de la educación
Guardat en:
| Autors principals: | , |
|---|---|
| Format: | Llibre |
| Idioma: | espanyol |
| Publicat: |
Madrid
Anaya
1978
|
| Col·lecció: | Ciencias de la Educación
|
| Matèries: | |
| Etiquetes: |
Afegir etiqueta
Sense etiquetes, Sigues el primer a etiquetar aquest registre!
|
MARC
| LEADER | 00000nam a2200000 a 4500 | ||
|---|---|---|---|
| 001 | UCZ0434 | ||
| 003 | CL-VaPUC | ||
| 008 | 950728e19780000SP |||||||||||||||||spa|d | ||
| 020 | |a 8420713872 | ||
| 082 | 0 | 4 | |a 370.15 |b SCH |2 21 |
| 100 | 0 | |a Schmuck, Richard A |e author |9 343271 | |
| 700 | 0 | |a Schmuck, Patricia A |e author |9 343272 | |
| 245 | 1 | 0 | |a Hacia una psicología humanística de la educación |
| 300 | |a 334 p | ||
| 942 | |c BK | ||
| 945 | |d 19950728 00:00:00 |a mfernand | ||
| 260 | |a Madrid |b Anaya |c 1978 | ||
| 650 | 0 | |a Psicología educacional |9 307830 | |
| 650 | 0 | |a Aprendizaje |9 254827 | |
| 650 | 0 | |a Procesos de aprendizaje |9 309161 | |
| 650 | 7 | |a GRUPOS |2 CL-VaPUC |9 336429 | |
| 650 | 7 | |a TRABAJO EN GRUPO METODO DE ENSEÑANZA |2 CL-VaPUC |9 309108 | |
| 650 | 0 | |a Liderazgo |9 271835 | |
| 583 | |a last modification |c 19950728 00:00:00 |k Rodrigo Vera | ||
| 490 | 0 | |a Ciencias de la Educación | |
| 999 | |c 237363 |d 237361 | ||
| 952 | |0 0 |1 0 |4 0 |6 370_150000000000000_SCH_1978 |7 0 |8 A |9 246352 |a BIBEDU |b BIBEDU |d 2019-11-18 |i 1546457 |o 370.15 SCH 1978 |p 1546457 |r 2019-11-18 |w 2019-11-18 |y BK |k EDU | ||
| 952 | |0 0 |1 0 |4 0 |6 370_150000000000000_SCH_1978 |7 0 |8 A |9 246353 |a BIBEDU |b BIBEDU |d 2019-11-18 |i 3835758 |o 370.15 SCH 1978 |p 3835758 |r 2019-11-18 |w 2019-11-18 |y BK |k BME | ||